| 000 | 00922nam a22003015a 4500 | ||
|---|---|---|---|
| 001 | 15015402 | ||
| 003 | EG-ScBUE | ||
| 005 | 20251202103213.0 | ||
| 008 | 070920s2013 enk f 000 1 eng d | ||
| 020 | _a9780141393056 | ||
| 040 |
_aDLC _beng _erda _cDLC _dEG-ScBUE |
||
| 082 | 0 | 4 |
_a823.9 _bORW _222 |
| 100 | 1 |
_aOrwell, George, _d1903-1950, _eauthor. _934495 |
|
| 245 | 1 | 0 |
_aAnimal farm : _ba fair story / _cGeorge Orwell. |
| 264 | 1 |
_aLondon : _bPenguin Books, _c2013. |
|
| 300 |
_a120 pages ; _c20 cm |
||
| 336 |
_2rdacontent _atext _btxt |
||
| 337 |
_2rdamedia _aunmediated _bn |
||
| 338 |
_2rdacarrier _avolume _bnc |
||
| 650 | 7 |
_918 _aDomestic animals _vFiction. _2BUEsh |
|
| 650 | 7 |
_920 _aTotalitarianism _vFiction. _2BUEsh |
|
| 651 | _2BUEsh | ||
| 653 |
_bHHUUEENN _cApril2022 |
||
| 655 |
_vReading book _934232 |
||
| 906 |
_bibc _corignew _d2 _eepcn _f20 _gy-gencatlg |
||
| 942 |
_2ddc _cBB |
||
| 999 |
_c31048 _d31019 |
||